| 000 | 00449nam a22001697a 4500 | ||
|---|---|---|---|
| 003 | NUST | ||
| 038 | _awaseem | ||
| 082 |
_a297.63 _bHAM |
||
| 100 |
_aHameed Ullah, Muhammad _913576 |
||
| 245 | _aKhutbat-e-Bhawalpur | ||
| 260 |
_aIslamabad : _bService Book Club, _c2005. |
||
| 300 |
_a424 p. ; _b22 cm. |
||
| 500 | _aHardcover. | ||
| 880 |
_6100-01\r _aمحمدحمیداللہ |
||
| 880 |
_6245-02\r _aخطبات بہاولپور |
||
| 942 |
_cBK _2ddc |
||
| 999 |
_c34143 _d34143 |
||